[Event "Tournoi Skype 028A"]
[Site "Skype"]
[Date "????.??.??"]
[Round "2.21"]
[White "Martinez Quintero, Javier"]
[Black "Engstrom, Olle"]
[Result "1-0"]
[WhiteElo "1697"]
[BlackElo "1463"]
[PlyCount "91"]

1. d4 e6 2. c4 f5 3. Nc3 Nf6 4. Bg5 Be7 5. Nf3 O-O 6. Qc2 d6 7. e4 fxe4 8. Nxe4
Nxe4 9. Bxe7 Qxe7 10. Qxe4 Nc6 11. Bd3 g6 12. h4 Bd7 13. h5 Be8 14. g4 Qf6 15.
Rh3 Qf4 16. hxg6 Bxg6 17. Qxf4 Rxf4 18. Bxg6 hxg6 19. O-O-O Raf8 20. Ng5 Rxd4
21. Rdh1 Rxc4+ 22. Kb1 Ne5 23. Rh8+ Kg7 24. Nxe6+ Kf7 25. Nxf8 Nd3 26. Ka1 Rxg4
27. R8h3 Ne5 28. Nh7 Kg7 29. Rg3 Rxg3 30. fxg3 d5 31. Ng5 Kf6 32. Nh3 g5 33.
Rf1+ Kg6 34. Rf8 Nf7 35. Rc8 c6 36. Rc7 Nd6 37. Rd7 Ne4 38. g4 Nf6 39. Rd6 Kg7
40. Nxg5 Nxg4 41. Ne6+ Kf7 42. Nd8+ Ke7 43. Nxb7 Ne5 44. Rh6 d4 45. Nc5 d3 46.
Kb1 1-0

[Event "Tournoi Skype 028A"]
[Site "Skype"]
[Date "????.??.??"]
[Round "2.23"]
[White "Knafo, Michel"]
[Black "Couto, Januario"]
[Result "1/2-1/2"]
[WhiteElo "1658"]
[BlackElo "1387"]
[PlyCount "44"]

1. e4 d5 2. exd5 Qxd5 3. Nc3 Qd6 4. Nf3 c6 5. d4 Nf6 6. Bd3 Bg4 7. Be2 Nbd7 8.
h3 Bh5 9. O-O e6 10. Nh2 Bxe2 11. Nxe2 Be7 12. c3 O-O 13. Bf4 Qd5 14. Re1 Qa5
15. Nf3 Nd5 16. Bd2 Qc7 17. Ng3 Bd6 18. Ne4 Bf4 19. Bxf4 Nxf4 20. Qd2 Rad8 21.
Qc2 Nd5 22. Neg5 N7f6 1/2-1/2

[Event "Tournoi Skype 028A"]
[Site "Skype"]
[Date "????.??.??"]
[Round "2.24"]
[White "Lambert, Pierre"]
[Black "Perrone, Gabriel Lorenzo"]
[Result "1-0"]
[WhiteElo "1647"]
[BlackElo "1377"]
[PlyCount "35"]

1. e4 e5 2. Nf3 Nc6 3. Bc4 Bc5 4. O-O Nf6 5. Re1 O-O 6. c3 Bb6 7. d4 Nxe4 8.
Bd5 Nf6 9. Bxc6 dxc6 10. Nxe5 Re8 11. Bg5 Be6 12. Nd2 c5 13. Qf3 cxd4 14. Ne4
Kf8 15. Nxf6 gxf6 16. Bxf6 Qc8 17. Qh5 Re7 18. Qxh7 1-0

[Event "Tournoi Skype 028A"]
[Site "Skype"]
[Date "????.??.??"]
[Round "2.26"]
[White "Sauvaget, Joel"]
[Black "Aranzubia, Desiderio"]
[Result "0-1"]
[WhiteElo "1290"]
[BlackElo "1548"]
[PlyCount "68"]

1. e4 c5 2. c3 Nc6 3. Nf3 d6 4. d3 Nf6 5. Be2 e6 6. Bg5 Be7 7. Nbd2 O-O 8. Nb3
b6 9. Qc2 Bb7 10. O-O Rc8 11. Rad1 d5 12. exd5 Nxd5 13. Bxe7 Ncxe7 14. Qd2 Ng6
15. d4 cxd4 16. Nbxd4 Ndf4 17. Nc2 a6 18. Qxd8 Nxe2+ 19. Kh1 Rfxd8 20. Ncd4
Ngf4 21. Nxe2 Nxe2 22. Nd4 Nxd4 23. Rxd4 Rxd4 24. cxd4 Rc2 25. f3 g6 26. Rb1
Rd2 27. a3 Rxd4 28. Kg1 Rd2 29. b4 Ra2 30. Rb3 Bd5 31. Rc3 a5 32. bxa5 bxa5 33.
h3 a4 34. Kh2 Bb3 0-1

[Event "Tournoi Skype 028A"]
[Site "Skype"]
[Date "????.??.??"]
[Round "2.28"]
[White "Cayo, Ana Carolina"]
[Black "Davis, Michael"]
[Result "1-0"]
[WhiteElo "1214"]
[BlackElo "1530"]
[PlyCount "61"]

1. d4 d5 2. Bf4 Nf6 3. e3 e6 4. c3 Bd6 5. Bg3 Nbd7 6. Nf3 Ne4 7. Bxd6 Nxd6 8.
Nbd2 O-O 9. Bd3 Re8 10. O-O e5 11. dxe5 Nxe5 12. Nxe5 Rxe5 13. Nf3 Bg4 14. Be2
Bxf3 15. Bxf3 Ne4 16. c4 dxc4 17. Qxd8+ Rxd8 18. Rfd1 Rxd1+ 19. Rxd1 Nd6 20.
Bd5 g6 21. a4 a6 22. Kf1 Kf8 23. Ke2 Ke7 24. Rd4 b5 25. g4 f5 26. f4 Rxd5 27.
Rxd5 fxg4 28. axb5 axb5 29. e4 c6 30. Rc5 Nxe4 31. Re5+ 1-0

[Event "Tournoi Skype 028A"]
[Site "Skype"]
[Date "????.??.??"]
[Round "2.29"]
[White "Alvarez, Juan Evangelista"]
[Black "Morelli, Daniel"]
[Result "1-0"]
[WhiteElo "1575"]
[BlackElo "1370"]
[PlyCount "63"]

1. d4 e5 2. dxe5 Nc6 3. Nf3 Qe7 4. Bd2 Nxe5 5. Nxe5 Qxe5 6. Bc3 Bb4 7. Bxb4
Qxb2 8. Bc3 Qb6 9. Bxg7 Qa5+ 10. Nc3 f6 11. Qd2 d6 12. Bxh8 Be6 13. e4 O-O-O
14. Bd3 d5 15. exd5 Bxd5 16. Bf5+ Kb8 17. Be4 c6 18. Bxd5 cxd5 19. O-O d4 20.
Qf4+ Ka8 21. Ne4 Rf8 22. Nd6 Qc7 23. Qxd4 Rd8 24. Rfd1 Ne7 25. Bxf6 a6 26. Rab1
Rd7 27. Bxe7 Rxe7 28. Qh8+ Ka7 29. Rxb7+ Qxb7 30. Nxb7 Kxb7 31. Rb1+ Kc7 32.
Qb8+ 1-0

[Event "Tournoi Skype 028A"]
[Site "Skype"]
[Date "????.??.??"]
[Round "2.30"]
[White "Fernandez Cabello, Emilio"]
[Black "Grosso, Raul"]
[Result "0-1"]
[WhiteElo "1458"]
[BlackElo "1746"]
[PlyCount "62"]

1. e4 c5 2. Nc3 g6 3. f4 Bg7 4. Nf3 Nc6 5. Bb5 Nd4 6. Nxd4 cxd4 7. Nb1 a6 8.
Be2 Nf6 9. d3 d6 10. O-O e6 11. Nd2 b5 12. Nf3 Nd7 13. b3 O-O 14. Qe1 Bb7 15.
Bb2 Rc8 16. Rc1 e5 17. Nd2 Nc5 18. f5 d5 19. Ba3 a5 20. Bg4 Rc7 21. b4 axb4 22.
Bxb4 Qg5 23. Bh3 Qe3+ 24. Kh1 Bh6 25. fxg6 hxg6 26. Rf3 Qxe1+ 27. Rxe1 Bxd2 28.
Bxd2 dxe4 29. dxe4 Nxe4 30. Bh6 Re8 31. Rg3 Nxg3+ 0-1

[Event "Tournoi Skype 028A"]
[Site "Skype"]
[Date "????.??.??"]
[Round "2.31"]
[White "Ortiz, Vladimir"]
[Black "Dal, Ibrahim"]
[Result "0-1"]
[WhiteElo "1419"]
[BlackElo "1626"]
[PlyCount "92"]

1. e4 c6 2. d4 d5 3. exd5 cxd5 4. Bd3 Nc6 5. c3 Nf6 6. Bf4 g6 7. Nf3 Bg4 8. h3
Bxf3 9. Qxf3 Bg7 10. O-O O-O 11. Qe3 Qb6 12. b3 Rfe8 13. Nd2 e5 14. dxe5 Qxe3
15. Bxe3 Nxe5 16. Be2 Rac8 17. Rac1 Ne4 18. Nxe4 dxe4 19. c4 b6 20. Rcd1 Rcd8
21. Rxd8 Rxd8 22. Rd1 Nd3 23. Bxd3 exd3 24. Kf1 f5 25. Bd2 Kf7 26. Re1 Bf6 27.
f3 Bh4 28. Rd1 Ke6 29. Be1 Bf6 30. Bg3 g5 31. Be1 h5 32. Kf2 Bd4+ 33. Kf1 Be3
34. Bd2 f4 35. Ke1 Rd6 36. Rc1 Kd7 37. Rd1 Kc6 38. Ra1 a5 39. Rb1 Kc5 40. a3
Kd4 41. Rc1 Bxd2+ 42. Kxd2 Re6 43. b4 Re2+ 44. Kd1 axb4 45. axb4 Rxg2 46. c5
Ke3 0-1

[Event "Tournoi Skype 028A"]
[Site "Skype"]
[Date "????.??.??"]
[Round "2.32"]
[White "Aceituno, Stebe"]
[Black "Vasquez, Oscar"]
[Result "1/2-1/2"]
[WhiteElo "1400"]
[BlackElo "1585"]
[PlyCount "73"]

1. Nf3 d5 2. b3 Nf6 3. Bb2 Nc6 4. g3 e6 5. Bg2 Be7 6. d3 b6 7. O-O Bb7 8. Nbd2
O-O 9. a3 a5 10. c4 Qd6 11. cxd5 exd5 12. Rc1 Rad8 13. e3 h6 14. Nh4 g6 15.
Nhf3 Na7 16. a4 c5 17. d4 Ne4 18. Nxe4 dxe4 19. Nd2 f5 20. Nc4 Qc7 21. Qc2 Rc8
22. dxc5 Qxc5 23. Bd4 Qb4 24. Bxb6 Nc6 25. Qc3 Qxc3 26. Rxc3 Bb4 27. Rc2 Nb8
28. Rd1 Nc6 29. Bf1 Ne7 30. Bd4 Bd5 31. Rdc1 Be6 32. Nb6 Rxc2 33. Rxc2 Bxb3 34.
Bc4+ Bxc4 35. Rxc4 Kf7 36. Rc7 g5 37. Nd5 1/2-1/2

[Event "Tournoi Skype 028A"]
[Site "Skype"]
[Date "????.??.??"]
[Round "2.33"]
[White "Ramirez Reina, Orlando"]
[Black "Silvestre Da Silva, Sidnei"]
[Result "0-1"]
[WhiteElo "1385"]
[BlackElo "1566"]
[PlyCount "88"]

1. e4 c6 2. d4 d5 3. exd5 cxd5 4. Bd3 Nc6 5. c3 Nf6 6. Bg5 e6 7. Bxf6 Qxf6 8.
Nf3 Bd6 9. O-O O-O 10. Nbd2 Bd7 11. Re1 Rac8 12. Qb1 h6 13. Bh7+ Kh8 14. Bd3
Na5 15. b4 Nc4 16. Bxc4 dxc4 17. Ne4 Qe7 18. Nxd6 Qxd6 19. Qe4 Bc6 20. Qe2 Qd5
21. a4 a6 22. Reb1 b5 23. axb5 axb5 24. Ra7 Ra8 25. Rba1 Rxa7 26. Rxa7 Bb7 27.
Qa2 Rd8 28. Qa5 Rd7 29. Qb6 e5 30. h3 exd4 31. cxd4 Qc6 32. Qc5 Qxc5 33. dxc5
Rd1+ 34. Kh2 Bxf3 35. gxf3 c3 36. c6 c2 37. c7 c1=Q 38. Ra8+ Kh7 39. c8=Q Rh1+
40. Kg3 Qg5+ 41. Qg4 Rg1+ 42. Kh2 Rxg4 43. fxg4 Qf4+ 44. Kg2 Qe4+ 0-1

[Event "Tournoi Skype 028A"]
[Site "Skype"]
[Date "????.??.??"]
[Round "2.34"]
[White "Hurtado De Mendoza, Ramon Miguel"]
[Black "Gharbi, Said"]
[Result "0-1"]
[WhiteElo "1549"]
[BlackElo "1456"]
[PlyCount "77"]

1. e4 e5 2. Nf3 Nc6 3. Bc4 h6 4. O-O Nf6 5. Nc3 Bc5 6. h3 O-O 7. a3 Re8 8. d3
d6 9. Re1 Be6 10. Bxe6 Rxe6 11. Na4 Bb6 12. Nxb6 axb6 13. b3 d5 14. exd5 Nxd5
15. Bb2 Qd6 16. Nd2 b5 17. c4 bxc4 18. Ne4 Qe7 19. dxc4 Nf4 20. Nc3 Rg6 21. g3
Qh4 22. Qf3 Qxh3 23. Ne2 Nxe2+ 24. Rxe2 Rf6 25. Qg2 Qxg2+ 26. Kxg2 Re6 27. Rd1
f6 28. Rd7 Rc8 29. b4 Rd6 30. Rxd6 cxd6 31. Rd2 Rd8 32. b5 Na5 33. c5 d5 34. a4
Nc4 35. Rc2 Ra8 36. c6 bxc6 37. bxc6 Rc8 38. Bc3 Rxc6 39. Be1 0-1

[Event "Tournoi Skype 028A"]
[Site "Skype"]
[Date "????.??.??"]
[Round "2.35"]
[White "Khetre, Gaurav"]
[Black "Pouteau, Pascal"]
[Result "1-0"]
[WhiteElo "1540"]
[BlackElo "1345"]
[PlyCount "51"]

1. c4 d5 2. cxd5 Qxd5 3. Nc3 Qd8 4. d4 Nf6 5. e4 e6 6. Bg5 Be7 7. Qd2 Nc6 8.
Rd1 O-O 9. Nf3 h6 10. Be3 Ng4 11. Bf4 Re8 12. e5 f6 13. h3 fxe5 14. dxe5 Qxd2+
15. Rxd2 Rf8 16. Bg3 Nxf2 17. Bxf2 b6 18. Bc4 Bb4 19. O-O Rb8 20. Be3 Na5 21.
Bb5 c6 22. Be2 Rb7 23. Nd4 Bc5 24. Rxf8+ Kxf8 25. Rd1 Ke7 26. Ne4 1-0

[Event "Tournoi Skype 028A"]
[Site "Skype"]
[Date "????.??.??"]
[Round "2.36"]
[White "Mantelli, Luca"]
[Black "Galani, Mahendra"]
[Result "1/2-1/2"]
[WhiteElo "1370"]
[BlackElo "1526"]
[PlyCount "109"]

1. e4 e5 2. Nf3 Nc6 3. Bc4 h6 4. O-O Nf6 5. d4 exd4 6. e5 Nh7 7. Nxd4 Be7 8.
Re1 O-O 9. Bf4 Bc5 10. Nxc6 bxc6 11. Nc3 Qh4 12. g3 Qe7 13. Na4 Bb4 14. Re2 Ng5
15. a3 Ba5 16. b4 Bb6 17. Nxb6 cxb6 18. Kg2 Bb7 19. Kf1 Rad8 20. Qd6 Qe8 21.
Qc7 Rb8 22. Ree1 Nf3 23. Red1 Nxh2+ 24. Kg2 Ng4 25. Rxd7 c5+ 26. Kf1 Be4 27.
bxc5 Bf5 28. Rd2 bxc5 29. Qxc5 Qa4 30. e6 Bxe6 31. Bxe6 fxe6 32. Bxb8 Rxb8 33.
Qc7 Rf8 34. Rd8 Rxd8 35. Qxd8+ Kh7 36. Qd2 Nh2+ 37. Kg2 Ng4 38. Rc1 Qc6+ 39.
Kg1 Qf3 40. Qd3+ Qxd3 41. cxd3 Kg6 42. d4 Kf6 43. Kg2 Kf5 44. Rc7 g5 45. Rxa7
h5 46. a4 Nf6 47. a5 Nd5 48. Rf7+ Ke4 49. a6 Nc7 50. a7 Kxd4 51. Rxc7 h4 52.
gxh4 gxh4 53. a8=Q e5 54. Qd8+ Ke4 55. Qe8 1/2-1/2

[Event "Tournoi Skype 028A"]
[Site "Skype"]
[Date "????.??.??"]
[Round "2.37"]
[White "Carballo, Jorge"]
[Black "Saponara, Jose Maria"]
[Result "0-1"]
[WhiteElo "1367"]
[BlackElo "1524"]
[PlyCount "84"]

1. e4 c6 2. d4 d5 3. Nd2 e6 4. c4 dxe4 5. Nxe4 Nd7 6. Bf4 Bb4+ 7. Bd2 Qe7 8. a3
Bxd2+ 9. Qxd2 Ngf6 10. Nxf6+ Nxf6 11. Bd3 O-O 12. Nf3 b6 13. O-O Bb7 14. b4
Rfd8 15. Rfe1 Qc7 16. Rac1 c5 17. dxc5 bxc5 18. bxc5 Bxf3 19. gxf3 Qxc5 20. Qc3
Rd4 21. Rcd1 Rh4 22. Be4 Qg5+ 23. Kf1 Rb8 24. Qd2 Qxd2 25. Rxd2 Rxh2 26. Kg1
Rh5 27. Red1 g6 28. Rc1 Rc5 29. Rd6 Kg7 30. Rc6 Nxe4 31. Rxc5 Nxc5 32. Rd1 Rb3
33. a4 Rb4 34. a5 Rxc4 35. Rb1 Ra4 36. Rb5 Nd3 37. Kf1 Ra2 38. Rb3 Nxf2 39. Rb7
a6 40. Rb6 Nd3 41. Rxa6 Nc5 42. Rc6 Rxa5 0-1

[Event "Tournoi Skype 028A"]
[Site "Skype"]
[Date "????.??.??"]
[Round "2.38"]
[White "Gadow, Martin"]
[Black "Le Brun, Yves"]
[Result "1-0"]
[WhiteElo "1521"]
[BlackElo "1338"]
[PlyCount "27"]

1. d4 d5 2. e3 Bf5 3. c4 Nf6 4. Nc3 e6 5. cxd5 Nxd5 6. Bb5+ c6 7. Bd3 Bg6 8.
Nxd5 Qxd5 9. Nf3 Bb4+ 10. Kf1 Nd7 11. a3 Be7 12. Qe2 Nf6 13. Bc4 Qg5 14. Nxg5
1-0

[Event "Tournoi Skype 028A"]
[Site "Skype"]
[Date "????.??.??"]
[Round "2.39"]
[White "Garcia Diaz, Jose"]
[Black "Gokcek, Cagri"]
[Result "1-0"]
[WhiteElo "1513"]
[BlackElo "1320"]
[PlyCount "91"]

1. c4 Nf6 2. g3 d6 3. Bg2 g6 4. e3 Bg7 5. Ne2 Nbd7 6. O-O O-O 7. d4 e5 8. Nbc3
c5 9. dxe5 Nxe5 10. b3 Qe7 11. Rb1 Nc6 12. Nf4 Bf5 13. Nfd5 Nxd5 14. Nxd5 Qd7
15. e4 Be6 16. Bb2 f5 17. Bxg7 Qxg7 18. exf5 Bxf5 19. Rc1 Ne5 20. Ne3 Bd3 21.
Re1 Rad8 22. f4 Qf6 23. Nd5 Qf7 24. Ne3 Kh8 25. fxe5 Qf2+ 26. Kh1 dxe5 27. Qg4
Rd4 28. Qe6 Qf6 29. Qxf6+ Rxf6 30. Ng4 Rxg4 31. Rxe5 Rf5 32. Rxf5 gxf5 33. Bxb7
Be4+ 34. Bxe4 fxe4 35. Re1 Kg7 36. Kg2 Kf6 37. h3 Rg5 38. Rxe4 h5 39. g4 h4 40.
Kf3 Re5 41. Kf4 Rxe4+ 42. Kxe4 Ke6 43. a3 a5 44. Kf4 Kf6 45. g5+ Kg6 46. Kg4
1-0

[Event "Tournoi Skype 028A"]
[Site "Skype"]
[Date "????.??.??"]
[Round "2.40"]
[White "Asterio Dos Santos, Douglas"]
[Black "Chavero, Victor"]
[Result "1/2-1/2"]
[WhiteElo "1503"]
[BlackElo "1283"]
[PlyCount "97"]

1. d4 e6 2. Nf3 Nf6 3. e3 d6 4. b3 Nbd7 5. Bb2 b6 6. Nbd2 Bb7 7. Be2 Be7 8. c4
Rc8 9. O-O O-O 10. Re1 c5 11. Bf1 cxd4 12. exd4 Re8 13. Rc1 h6 14. Rc3 Qc7 15.
Rce3 Bd8 16. Qe2 Qb8 17. Ne4 Nxe4 18. Rxe4 Bxe4 19. Qxe4 Nf6 20. Qf4 Bc7 21. d5
e5 22. Qf5 Re7 23. Bd3 Rce8 24. Nd2 Kf8 25. f4 Qc8 26. fxe5 Qxf5 27. Bxf5 dxe5
28. Ba3 g6 29. Bxe7+ Rxe7 30. Bc8 Bd6 31. Rf1 Kg7 32. Re1 Rc7 33. Bg4 Nxg4 34.
Ne4 Be7 35. d6 Bxd6 36. Nxd6 Re7 37. a4 Nf6 38. b4 Ne8 39. Nc8 Rc7 40. Nxb6
axb6 41. Rxe5 Nd6 42. c5 bxc5 43. Rd5 cxb4 44. Rxd6 b3 45. Rb6 Rc1+ 46. Kf2
Rc2+ 47. Kf3 Ra2 48. Rxb3 Rxa4 49. g3 1/2-1/2

[Event "Tournoi Skype 028A"]
[Site "Skype"]
[Date "????.??.??"]
[Round "2.43"]
[White "Pasasin, Alejandro"]
[Black "Karia, Vijay"]
[Result "0-1"]
[WhiteElo "1329"]
[BlackElo "1482"]
[PlyCount "86"]

1. d4 d5 2. Bf4 c5 3. Nd2 e6 4. c3 Bd6 5. Bg3 Bxg3 6. hxg3 Qb6 7. Qb3 c4 8. Qc2
Qc7 9. f4 Nf6 10. Ndf3 h6 11. e3 Nbd7 12. Ne5 Ne4 13. Ne2 Ndf6 14. g4 O-O 15.
g3 a5 16. a4 Bd7 17. Bg2 b5 18. axb5 Bxb5 19. Bf3 a4 20. Bxe4 Nxe4 21. g5 hxg5
22. fxg5 Nxg5 23. Nf4 f6 24. Neg6 Rfb8 25. Nxe6 Qxg3+ 26. Qf2 Qxf2+ 27. Kxf2
Nxe6 28. Ne7+ Kf7 29. Nxd5 Bc6 30. e4 Rxb2+ 31. Ke3 Ng5 32. Rhf1 Re8 33. Rf4
Bxd5 34. e5 Bc6 35. Raf1 Re6 36. Rf5 Ne4 37. Kf4 Rf2+ 38. Rxf2 Nxf2 39. Ke3 Ne4
40. Kf4 Nxc3 41. exf6 Rxf6 42. Ke5 Rxf5+ 43. Kxf5 a3 0-1

[Event "Tournoi Skype 028A"]
[Site "Skype"]
[Date "????.??.??"]
[Round "2.44"]
[White "Zequeda, Javier"]
[Black "Solis, Manuel"]
[Result "1-0"]
[WhiteElo "1183"]
[BlackElo "1481"]
[PlyCount "53"]

1. e4 d5 2. e5 Bf5 3. d4 Nc6 4. a3 e6 5. Nf3 a6 6. Be2 Nge7 7. O-O Nc8 8. Be3
Bg4 9. h3 Bxf3 10. Bxf3 Be7 11. Nd2 Bg5 12. Bxg5 Qxg5 13. Nb3 O-O 14. Qd3 N8e7
15. Nc5 Rfd8 16. Nxb7 Rdb8 17. Nc5 Qf4 18. Nb3 Nf5 19. Rad1 Nh4 20. Bg4 Qe4 21.
Qxe4 dxe4 22. Rfe1 f5 23. exf6 Rb5 24. Bxe6+ Kf8 25. fxg7+ Kxg7 26. d5 Ne7 27.
Rxe4 1-0

[Event "Tournoi Skype 028A"]
[Site "Skype"]
[Date "????.??.??"]
[Round "3.1"]
[White "Lopez, Jose Luis"]
[Black "Figueroa, Tomas"]
[Result "1/2-1/2"]
[WhiteElo "1757"]
[BlackElo "2093"]
[PlyCount "47"]

1. e4 e6 2. d4 d5 3. Nc3 Bb4 4. Nge2 dxe4 5. a3 Be7 6. Nxe4 Nd7 7. N2g3 Ngf6 8.
Bd3 O-O 9. O-O Nxe4 10. Nxe4 e5 11. c3 exd4 12. cxd4 Nf6 13. Qc2 h6 14. Re1 c6
15. Bf4 Nxe4 16. Bxe4 Be6 17. Rad1 Bf6 18. Be5 Bxe5 19. dxe5 Qb6 20. Rd3 Rfd8
21. Red1 Rxd3 22. Rxd3 Rd8 23. Rxd8+ Qxd8 24. Qd3 1/2-1/2

[Event "Tournoi Skype 028A"]
[Site "Skype"]
[Date "????.??.??"]
[Round "3.2"]
[White "Benson, Paul"]
[Black "Ortega, Elvis"]
[Result "1-0"]
[WhiteElo "1839"]
[BlackElo "1712"]
[PlyCount "65"]

1. e4 c5 2. Nf3 d6 3. d4 cxd4 4. Nxd4 Nf6 5. Nc3 a6 6. Be3 Ng4 7. Bc1 Nf6 8.
Be2 e6 9. Be3 Be7 10. O-O O-O 11. f4 Nc6 12. Kh1 Qc7 13. Qe1 Nxd4 14. Bxd4 e5
15. fxe5 dxe5 16. Qg3 Nd7 17. Nd5 Qd6 18. Bc3 Bd8 19. Rad1 Qg6 20. Bxe5 Nxe5
21. Qxe5 Qe6 22. Qd4 b5 23. a4 bxa4 24. Bc4 Qh6 25. e5 Rb8 26. Nc3 Bb7 27.
Bxf7+ Kh8 28. Nxa4 Qg5 29. Bd5 Be7 30. Rxf8+ Bxf8 31. Bxb7 Rxb7 32. Rf1 Be7 33.
Qd8+ 1-0

[Event "Tournoi Skype 028A"]
[Site "Skype"]
[Date "????.??.??"]
[Round "3.3"]
[White "Calcino, Luis"]
[Black "Montalvo, Mario"]
[Result "1/2-1/2"]
[WhiteElo "1706"]
[BlackElo "1811"]
[PlyCount "44"]

1. e4 d6 2. Nf3 Nf6 3. Nc3 g6 4. d4 Bg7 5. h3 O-O 6. Be3 c5 7. Qd2 cxd4 8. Nxd4
Nc6 9. Be2 Qa5 10. O-O Bd7 11. Nb3 Qc7 12. Bh6 Ne5 13. Bxg7 Kxg7 14. Rab1 Rac8
15. Rfc1 Nc4 16. Qd4 e5 17. Qxc4 Qxc4 18. Bxc4 Rxc4 19. Na5 Rc7 20. Rd1 b6 21.
Nb3 Bc6 22. f3 Rd8 1/2-1/2

[Event "Tournoi Skype 028A"]
[Site "Skype"]
[Date "????.??.??"]
[Round "3.4"]
[White "Elias, Roberto"]
[Black "Zendeboodi, Fariba"]
[Result "0-1"]
[WhiteElo "1782"]
[BlackElo "1468"]
[PlyCount "80"]

1. c4 Nf6 2. Nc3 g6 3. g3 Bg7 4. Bg2 c6 5. e4 O-O 6. e5 Ne8 7. d4 d6 8. Bf4 Qb6
9. Qd2 Nd7 10. Nf3 c5 11. Nd5 Qd8 12. O-O cxd4 13. exd6 e5 14. Bg5 f6 15. Ne7+
Kh8 16. Bh6 Nxd6 17. Bxg7+ Kxg7 18. Nxc8 Rxc8 19. b3 Ne4 20. Qe1 Nc3 21. Nd2
Qc7 22. f4 e4 23. f5 e3 24. Ne4 Nxe4 25. Bxe4 Rfe8 26. Rf4 g5 27. Bxb7 gxf4 28.
Bxc8 f3 29. Kf1 Qxc8 30. Qa5 Qc5 31. Qa4 Qxf5 32. Qxa7 Qh3+ 33. Ke1 f2+ 34. Ke2
f1=Q+ 35. Rxf1 Qxh2+ 36. Kf3 Qh5+ 37. Kg2 Qe2+ 38. Kg1 Qg4 39. Kg2 e2 40. Re1
d3 0-1

[Event "Tournoi Skype 028A"]
[Site "Skype"]
[Date "????.??.??"]
[Round "3.5"]
[White "Quintero Gemio, Antonio Joaquin"]
[Black "Ricieri, Vinicius"]
[Result "0-1"]
[WhiteElo "1673"]
[BlackElo "1781"]
[PlyCount "106"]

1. d4 Nf6 2. c4 g6 3. Nc3 d5 4. cxd5 Nxd5 5. e4 Nxc3 6. bxc3 Bg7 7. Be3 c5 8.
h3 O-O 9. Bc4 Nc6 10. Ne2 Rb8 11. Rb1 a6 12. d5 Na5 13. Bxa6 b6 14. Bd3 Nb7 15.
O-O e6 16. c4 Ra8 17. a4 exd5 18. exd5 Bd7 19. Qb3 Rxa4 20. Qxb6 Na5 21. Bxc5
Qxb6 22. Rxb6 Rc8 23. Rd6 Nb7 24. Rxd7 Nxc5 25. Re7 Nxd3 26. d6 Bf8 27. d7 Rd8
28. Re4 Rxd7 29. Nc3 Ra8 30. Nd5 Rdd8 31. Rd1 Nc5 32. Red4 Kg7 33. g4 Ne6 34.
R4d3 Rac8 35. Ne3 Rxd3 36. Rxd3 Bc5 37. Nd5 Bd4 38. Kg2 Rxc4 39. Rd2 Be5 40.
Ra2 Nf4+ 41. Nxf4 Bxf4 42. Re2 Rd4 43. Re1 Rd2 44. h4 h6 45. Re4 g5 46. h5 Bc7
47. Rb4 Be5 48. Rb5 Bd4 49. Rf5 f6 50. Rf3 Kf7 51. Kg3 Ke6 52. Rf5 Bxf2+ 53.
Kf3 Rd5 0-1

[Event "Tournoi Skype 028A"]
[Site "Skype"]
[Date "????.??.??"]
[Round "3.6"]
[White "Yeter, Orhan"]
[Black "Mayor Martinez, Juan Jose"]
[Result "1-0"]
[WhiteElo "1245"]
[BlackElo "1768"]
[PlyCount "61"]

1. e4 c5 2. d4 cxd4 3. c3 dxc3 4. Nxc3 a6 5. Bc4 e6 6. Nf3 Nc6 7. O-O Qc7 8.
Qe2 b5 9. Bb3 d6 10. Bf4 Nf6 11. Rac1 Qb7 12. Rfd1 Ne5 13. Nxe5 dxe5 14. Bxe5
Be7 15. Bf4 O-O 16. e5 Nd7 17. Qg4 Re8 18. Bh6 Bf8 19. Ne4 Kh8 20. Nd6 Nxe5 21.
Qg3 Qe7 22. Nxe8 Qxe8 23. Qxe5 f6 24. Bxg7+ Bxg7 25. Qe4 Ra7 26. Qc6 Bd7 27.
Qb6 Ra8 28. Qb7 Rc8 29. Rxc8 Bxc8 30. Qb6 Bd7 31. Qc7 1-0

[Event "Tournoi Skype 028A"]
[Site "Skype"]
[Date "????.??.??"]
[Round "3.8"]
[White "Aranzubia, Desiderio"]
[Black "Hilton, Stephen"]
[Result "1/2-1/2"]
[WhiteElo "1548"]
[BlackElo "1865"]
[PlyCount "33"]

1. d4 Nf6 2. Nf3 g6 3. c4 Bg7 4. Nc3 d5 5. Bf4 O-O 6. Qd2 c6 7. Bh6 Qa5 8. Bxg7
Kxg7 9. cxd5 Nxd5 10. a3 Nxc3 11. Qxc3 Qxc3+ 12. bxc3 Nd7 13. e3 Nf6 14. Bd3 b6
15. a4 Bb7 16. a5 c5 17. axb6 1/2-1/2

[Event "Tournoi Skype 028A"]
[Site "Skype"]
[Date "????.??.??"]
[Round "3.9"]
[White "Mishra, Sourabh"]
[Black "Deville, Olivier"]
[Result "0-1"]
[WhiteElo "1610"]
[BlackElo "1823"]
[PlyCount "64"]

1. d4 Nf6 2. c4 e6 3. a3 d5 4. e3 Be7 5. Nf3 O-O 6. cxd5 exd5 7. Bd3 c6 8. O-O
Bg4 9. Nbd2 Nbd7 10. h3 Bh5 11. Qc2 Bg6 12. Bxg6 hxg6 13. Re1 Re8 14. b4 Rc8
15. Bb2 b5 16. Nb3 Nb6 17. Nfd2 Nc4 18. Nxc4 bxc4 19. Na5 Ne4 20. f3 Nf6 21.
Rad1 Bd6 22. e4 Bg3 23. Re3 Nh5 24. Nb7 Qg5 25. Re2 Rc7 26. Bc1 Bf4 27. Nd6 Re6
28. e5 Bxc1 29. Rxc1 Nf4 30. Rd2 Nxh3+ 31. Kh2 Nf4 32. Rg1 Qh4# 0-1

[Event "Tournoi Skype 028A"]
[Site "Skype"]
[Date "????.??.??"]
[Round "3.11"]
[White "Rico Hernandez, Edgar"]
[Black "Mora Gomez, Carlos Alberto"]
[Result "1/2-1/2"]
[WhiteElo "1772"]
[BlackElo "1600"]
[PlyCount "106"]

1. d4 d5 2. c4 e6 3. Nc3 c6 4. e3 Be7 5. Nf3 Nf6 6. Bd3 h6 7. O-O dxc4 8. Bxc4
O-O 9. Re1 b5 10. Bd3 Nbd7 11. e4 e5 12. dxe5 Ng4 13. Bf4 Bc5 14. Bg3 Re8 15.
Qc2 Ndxe5 16. Nxe5 Nxe5 17. Be2 Bb6 18. Rad1 Qf6 19. a4 a6 20. b3 b4 21. Nb1 a5
22. Nd2 Be6 23. Nc4 Nxc4 24. Bxc4 Bxc4 25. Qxc4 Rad8 26. e5 Rxd1 27. Rxd1 Rd8
28. Qc2 Rxd1+ 29. Qxd1 Qg6 30. Kf1 Qe4 31. h3 Qd4 32. Qxd4 Bxd4 33. Ke2 Kf8 34.
Kd3 Bb6 35. Ke4 Ke7 36. f4 g6 37. Bh4+ Kd7 38. g4 Bc7 39. Bf2 Ke6 40. f5+ gxf5+
41. gxf5+ Ke7 42. Bc5+ Kd7 43. Bd4 h5 44. Be3 Bd8 45. Bc5 Bc7 46. Bf8 Bb6 47.
Bg7 Ke8 48. Bh6 Ke7 49. Bg5+ Kd7 50. Bf6 Bf2 51. Kf3 Bg1 52. Bg5 Bb6 53. Bf4
Bd8 1/2-1/2

[Event "Tournoi Skype 028A"]
[Site "Skype"]
[Date "????.??.??"]
[Round "3.12"]
[White "Sanchez Ruiz, Piedad Esmeralda"]
[Black "Rodriguez Gonzalez, Jaime Rafael"]
[Result "1-0"]
[WhiteElo "1721"]
[BlackElo "1473"]
[PlyCount "67"]

1. e4 d5 2. exd5 Qxd5 3. Nc3 Qa5 4. d4 c6 5. Nf3 Bg4 6. h3 Bh5 7. g4 Bg6 8. Bc4
Nf6 9. Ne5 e6 10. h4 Be4 11. Rh3 Bd5 12. Bd3 Nbd7 13. Nxd7 Nxd7 14. Bd2 Qc7 15.
Nxd5 cxd5 16. Qe2 O-O-O 17. O-O-O Bd6 18. Bb5 Kb8 19. Rb3 Nf6 20. Ba6 b6 21. a4
Ka8 22. a5 Ne4 23. axb6 axb6 24. Be1 Ka7 25. Kb1 Rhe8 26. Qb5 Rb8 27. Rdd3 Red8
28. f3 Nf6 29. Bb4 Qd7 30. Ra3 Qxb5 31. Bxb5+ Kb7 32. Bxd6 Rxd6 33. Rdc3 Ne8
34. Ba6+ 1-0

[Event "Tournoi Skype 028A"]
[Site "Skype"]
[Date "????.??.??"]
[Round "3.14"]
[White "Lucena Vaz, Jose"]
[Black "Cayo, Ana Carolina"]
[Result "1-0"]
[WhiteElo "1674"]
[BlackElo "1214"]
[PlyCount "57"]

1. e4 c6 2. d3 d5 3. Nd2 dxe4 4. dxe4 e6 5. Ngf3 Nd7 6. Nc4 Bc5 7. Nfe5 Qe7 8.
Nf3 Ngf6 9. Qe2 O-O 10. Bf4 Ng4 11. Ne3 Nxe3 12. Bxe3 Bd6 13. Bg5 f6 14. Bh4 e5
15. Qc4+ Qf7 16. Qxf7+ Kxf7 17. Bc4+ Ke7 18. Rd1 Nc5 19. Nd2 Bg4 20. f3 Bh5 21.
O-O Bf7 22. Bxf7 Rxf7 23. Nc4 Bc7 24. Bf2 Ne6 25. Rd3 Nf4 26. Rd2 a6 27. Rfd1
Rd8 28. Rxd8 Bxd8 29. Bc5+ 1-0

[Event "Tournoi Skype 028A"]
[Site "Skype"]
[Date "????.??.??"]
[Round "3.15"]
[White "Grosso, Raul"]
[Black "Vello, Pablo"]
[Result "1-0"]
[WhiteElo "1746"]
[BlackElo "1135"]
[PlyCount "51"]

1. Nf3 Nf6 2. g3 d5 3. Bg2 c6 4. b3 Nbd7 5. Bb2 g6 6. O-O Bg7 7. c4 O-O 8. d3
dxc4 9. bxc4 h6 10. Nbd2 Re8 11. Qc2 Qc7 12. Rab1 Ng4 13. Bxg7 Kxg7 14. Qc3+
Kh7 15. d4 e5 16. e3 e4 17. Nxe4 Rxe4 18. Ng5+ hxg5 19. Bxe4 Ngf6 20. Bg2 Nb6
21. e4 Be6 22. d5 cxd5 23. Qxf6 dxe4 24. Bxe4 Nxc4 25. Rxb7 Qe5 26. Qxg6+ 1-0